Films se déroulant en prison par images - Statistiques

Statistiques générales
  • Ce quiz a été pris 31 fois
  • Le résultat moyen est 6 sur 14
Statistiques - réponses
Par images Réponse % Correct
La Ligne Verte
79%
La Vie est Belle
79%
Les Evadés
61%
Un prophète
57%
La Grande Evasion
46%
Mesrine
46%
O'Brother
46%
American History x
43%
Midnight Express
36%
Papillon
32%
L'évadé d'Alcatraz
25%
Bronson
18%
Evasion
18%
Au nom du père
14%
Aucun quiz correspondant
Distribution des résultats
% des personnes avec chaque résultat
Percentile par nombre de réponses
Votre historique - résultats
Vous n’avez pas pris ce quiz